00396 2200145 4500001002100000005001500021008004100036035001900077041000700096082001200103090002200115100002900137245006800166260001600234INLIS00000000000118220220725120028220725||||||||| | ||| |||| || |  0010-0722001182 aid0 a630.707 a630.707/Pad m C.20 aPADMOWIHARJO, soedijanto00aMetode Penyuluhan Pertanian, Program Studi Penyuluhan Pertanian aDepokc1996